000 00893nam a2200277Ia 4500
001 Para_3788
003 CHAP
008 220125s1930 xx 000 0 und d
010 _a202309
040 _cCHAP
090 _aPA FOLLETO 1008
100 _aLight, S. L
_966753
245 _aTermites and termite damage :
_b with preliminary recommendations for prevention and control /
_c S. L. Light, Merle Randall, and Frank G. White
260 _aBerkeley, Cal. :
_b Agricultural Experiment Station
300 _a64 p.
440 _aCalifornia. Agri. Exp. Sta. Circular; 318
_9167422
650 _aTermitas Control de plagas
_9166807
700 _aRandall, Merie White, Frank G.
_9167423
901 _aPA FOLLETO 1008
902 _aA
905 _a0000001930 BERa 0000000000 00
910 _a1930
942 _cPARA
942 _cPARA
_d1
999 _c202309
_d202309